Countries Containing Two of the Same Consonant - Statistics

General Stats
  • This quiz has been taken 159 times
    135 since last reset
  • The average score is 38 of 52
Answer Stats
Hint Answer % Correct
K Kazakhstan
99%
S Russia
91%
N Papua New Guinea
88%
S South Sudan
88%
D Trinidad and Tobago
88%
N Saint Kitts and Nevis
86%
B Barbados
84%
N Turkmenistan
84%
Y Kyrgyzstan
83%
L Marshall Islands
83%
D Saint Vincent and the Grenadines
83%
L Solomon Islands
83%
C Dominican Republic
80%
L Seychelles
80%
D United Kingdom
80%
C Morocco
79%
P Philippines
79%
S United States
79%
N New Zealand
78%
C Vatican City
76%
R Andorra
75%
C Democratic Republic of the Congo
75%
N Liechtenstein
75%
N Netherlands
75%
T Tajikistan
75%
B Antigua and Barbuda
74%
R United Arab Emirates
74%
C Central African Republic
72%
C Czech Republic
72%
N Argentina
71%
S Guinea-Bissau
71%
B Zimbabwe
71%
N Indonesia
70%
R Sierra Leone
68%
C Republic of the Congo
67%
N San Marino
67%
N Afghanistan
66%
R Eritrea
64%
N Lebanon
64%
N Benin
63%
N Bosnia and Herzegovina
63%
L El Salvador
63%
C Costa Rica
62%
N Montenegro
62%
M Mozambique
61%
N São Tomé and Príncipe
58%
G Georgia
57%
R North Korea
57%
N Finland
55%
N Tanzania
54%
T East Timor
50%
R Federated States of Micronesia
45%
No matching quizzes found
Score Distribution
Percent of People with Each Score
Percentile by Number Answered
Your Score History
You have not taken this quiz since the last reset